书目信息 |
| 题名: |
微生物检验技术
|
|
| 作者: | 郭积燕 主编 | |
| 分册: | ||
| 出版信息: | 北京 人民卫生出版社 2002 |
|
| 页数: | 324页 | |
| 开本: | 20cm | |
| 丛书名: | ||
| 单 册: | ||
| 中图分类: | R446.5 | |
| 科图分类: | ||
| 主题词: | 诊断学 | |
| 电子资源: | ||
| ISBN: | ||
| 000 | 00517nam0 2200193 450 | |
| 001 | 0857382888 | |
| 005 | 20231007090624.07 | |
| 010 | @dCNY24.50 | |
| 100 | @a20081020d2002 km y0chiy0120 ea | |
| 101 | 0 | @achi |
| 102 | @aCN@b110000 | |
| 200 | 1 | @a微生物检验技术@Awei sheng wu jian yan ji shu@f郭积燕主编@Fguo ji yan zhu bian |
| 210 | @a北京@c人民卫生出版社@d2002 | |
| 215 | @a324页@d20cm | |
| 606 | 0 | @a诊断学 |
| 690 | @aR446.5@v4 | |
| 701 | 0 | @a郭积燕@Aguo ji yan@4主编 |
| 801 | 0 | @aCN@c20081020 |
| 905 | @dR446.5@eG800 | |
| 微生物检验技术/郭积燕主编.-北京:人民卫生出版社,2002 |
| 324页;20cm |
| ISBN :CNY24.50 |
| ● |
| 相关链接 |
|
|
|
正题名:微生物检验技术
索取号:R446.5/G800
 
预约/预借
| 序号 | 登录号 | 条形码 | 馆藏地/架位号 | 状态 | 备注 |
| 1 | 455295 | 204552956 | 自科库401/401自科库 16排4列5层/ [索取号:R446.5/G800] | 在馆 | |
| 2 | 455296 | 204552965 | 自科库401/401自科库 16排4列5层/ [索取号:R446.5/G800] | 在馆 | |
| 3 | 455297 | 204552974 | 自科库401/401自科库 16排4列5层/ [索取号:R446.5/G800] | 在馆 |